[Event "European Team-ch 2007"]
[Site "Crete GRE"]
[Date "2007.10.30"]
[Round "3.15"]
[White "Atalik, Suat"]
[Black "Savva, Panikos"]
[Result "1-0"]
[WhiteElo "2599"]
[BlackElo "2099"]
[PlyCount "39"]
[EventDate "2007.10.28"]
[EventType "team"]
[EventRounds "9"]
[EventCountry "GRE"]
[Source "lmi"]
[SourceDate "2007.10.28"]
[WhiteTeam "Turkey"]
[BlackTeam "Cyprus"]
[WhiteTeamCountry "TUR"]
[BlackTeamCountry "CYP"]

1. d4 d5 2. c4 c6 3. Nf3 Nf6 4. e3 a6 5. Bd2 e6 6. Nc3 Nbd7 7. Qc2 Bd6 8. e4
dxe4 9. Nxe4 Nxe4 10. Qxe4 Nf6 11. Qh4 Be7 12. Bd3 c5 13. O-O cxd4 14. Rad1 Nd7
15. Qg3 Nc5 16. Bf4 Nxd3 17. Rxd3 O-O 18. Rxd4 Qe8 19. Bh6 g6 20. Bxf8 1-0

[Event "European Team-ch 2007"]
[Site "Crete GRE"]
[Date "2007.10.30"]
[Round "3.15"]
[White "Antoniou, Antonis"]
[Black "Haznedaroglu, Kivanc"]
[Result "0-1"]
[WhiteElo "2163"]
[BlackElo "2468"]
[PlyCount "78"]
[EventDate "2007.10.28"]
[EventType "team"]
[EventRounds "9"]
[EventCountry "GRE"]
[Source "lmi"]
[SourceDate "2007.10.28"]
[WhiteTeam "Cyprus"]
[BlackTeam "Turkey"]
[WhiteTeamCountry "CYP"]
[BlackTeamCountry "TUR"]

1. e4 c5 2. Nf3 Nc6 3. d4 cxd4 4. Nxd4 Qb6 5. Nb3 Nf6 6. Nc3 e6 7. Bd3 a6 8.
Be3 Qc7 9. f4 d6 10. Qf3 Be7 11. g4 Nd7 12. g5 b5 13. O-O-O Nb4 14. Kb1 Nxd3
15. cxd3 b4 16. Ne2 a5 17. Rc1 Qb7 18. h4 a4 19. Nd2 Qa6 20. Bd4 e5 21. fxe5
dxe5 22. Bf2 O-O 23. Nc4 Qe6 24. Ne3 Ba6 25. Nd5 Bd8 26. Ng3 b3 27. a3 Bb7 28.
Nc7 Bxc7 29. Rxc7 Rfc8 30. Rhc1 Rxc7 31. Rxc7 Qd6 32. Rc3 g6 33. Ne2 Rd8 34.
Kc1 f5 35. gxf6 Nxf6 36. Bc5 Qe6 37. Ng1 Bc8 38. Qg3 Qa6 39. Nh3 Nxe4 0-1

[Event "European Team-ch 2007"]
[Site "Crete GRE"]
[Date "2007.10.30"]
[Round "3.15"]
[White "Esen, Baris"]
[Black "Aristotelous, Vassilis"]
[Result "1-0"]
[WhiteElo "2453"]
[BlackElo "1960"]
[PlyCount "71"]
[EventDate "2007.10.28"]
[EventType "team"]
[EventRounds "9"]
[EventCountry "GRE"]
[Source "lmi"]
[SourceDate "2007.10.28"]
[WhiteTeam "Turkey"]
[BlackTeam "Cyprus"]
[WhiteTeamCountry "TUR"]
[BlackTeamCountry "CYP"]

1. d4 Nf6 2. Nf3 g6 3. g3 Bg7 4. Bg2 O-O 5. c4 d6 6. Nc3 c6 7. O-O Qa5 8. d5
cxd5 9. cxd5 Na6 10. Nd4 Qb4 11. Nb3 Qg4 12. h3 Qh5 13. e4 Qxd1 14. Rxd1 Nd7
15. Bg5 Re8 16. Rac1 h6 17. Be3 Ne5 18. Bf1 g5 19. Na5 b6 20. Nc6 Nc5 21. b4
Nxc6 22. bxc5 Bxc3 23. Rxc3 Nb4 24. a3 bxc5 25. axb4 cxb4 26. Rb3 a5 27. Bb6
Ba6 28. Ra1 Rec8 29. Rbb1 Bxf1 30. Kxf1 Rc4 31. Rxa5 Rb8 32. Rb5 Rxe4 33. R5xb4
Re5 34. Bc5 Rc8 35. Rb8 Rxb8 36. Rxb8+ 1-0

[Event "European Team-ch 2007"]
[Site "Crete GRE"]
[Date "2007.10.30"]
[Round "3.15"]
[White "Klerides, Paris"]
[Black "Erdogdu, Mert"]
[Result "0-1"]
[WhiteElo "2183"]
[BlackElo "2440"]
[PlyCount "88"]
[EventDate "2007.10.28"]
[EventType "team"]
[EventRounds "9"]
[EventCountry "GRE"]
[Source "lmi"]
[SourceDate "2007.10.28"]
[WhiteTeam "Cyprus"]
[BlackTeam "Turkey"]
[WhiteTeamCountry "CYP"]
[BlackTeamCountry "TUR"]

1. e4 c5 2. Nf3 d6 3. d4 cxd4 4. Nxd4 Nf6 5. Nc3 a6 6. Bg5 e6 7. f4 Nbd7 8. Qf3
h6 9. Bh4 Rg8 10. Be2 g5 11. fxg5 hxg5 12. Bg3 g4 13. Qf2 Nh5 14. Bh4 Be7 15.
Bxe7 Qxe7 16. O-O-O Ne5 17. Kb1 Bd7 18. h3 Qf6 19. Nf5 exf5 20. Nd5 Qd8 21.
hxg4 Nf6 22. gxf5 Nxd5 23. Rxd5 Bc6 24. Rdd1 Qc7 25. Qf4 O-O-O 26. g4 f6 27.
Rhg1 Kb8 28. Rg3 Qa5 29. c4 Qc5 30. Rc3 Nf7 31. Rd5 Bxd5 32. cxd5 Qg1+ 33. Rc1
Qd4 34. Rc4 Qe5 35. Qd2 Rc8 36. Rb4 Rh8 37. a3 Rh2 38. Qe3 a5 39. Rb6 Rc5 40.
Ka2 Nd8 41. Bd3 Rxd5 42. g5 Nc6 43. Rb3 Nb4+ 44. axb4 a4 0-1

[Event "European Team-ch 2007"]
[Site "Crete GRE"]
[Date "2007.10.30"]
[Round "3.16"]
[White "Godena, Michele"]
[Black "Winants, Luc"]
[Result "1/2-1/2"]
[WhiteElo "2535"]
[BlackElo "2504"]
[PlyCount "32"]
[EventDate "2007.10.28"]
[EventType "team"]
[EventRounds "9"]
[EventCountry "GRE"]
[Source "lmi"]
[SourceDate "2007.10.28"]
[WhiteTeam "Italy"]
[BlackTeam "Belgium"]
[WhiteTeamCountry "ITA"]
[BlackTeamCountry "BEL"]

1. e4 e5 2. Bc4 Nf6 3. d3 Nc6 4. Nf3 Bc5 5. c3 a6 6. Bb3 d6 7. Nbd2 O-O 8. h3
Be6 9. O-O h6 10. Nc4 Ba7 11. Re1 Re8 12. Be3 Bxc4 13. Bxc4 Bxe3 14. Rxe3 Na5
15. Bb3 Nxb3 16. Qxb3 Qd7 1/2-1/2

[Event "European Team-ch 2007"]
[Site "Crete GRE"]
[Date "2007.10.30"]
[Round "3.16"]
[White "Polaczek, Richard"]
[Black "Brunello, Sabino"]
[Result "1/2-1/2"]
[WhiteElo "2425"]
[BlackElo "2489"]
[PlyCount "102"]
[EventDate "2007.10.28"]
[EventType "team"]
[EventRounds "9"]
[EventCountry "GRE"]
[Source "lmi"]
[SourceDate "2007.10.28"]
[WhiteTeam "Belgium"]
[BlackTeam "Italy"]
[WhiteTeamCountry "BEL"]
[BlackTeamCountry "ITA"]

1. d4 Nf6 2. Bg5 e6 3. e4 h6 4. Bxf6 Qxf6 5. c3 b6 6. Bd3 Bb7 7. Ne2 c5 8. O-O
Nc6 9. e5 Qd8 10. f4 cxd4 11. cxd4 Nb4 12. Nbc3 g6 13. Bb1 Rc8 14. a3 Nd5 15.
Nxd5 Bxd5 16. Nc3 Bc4 17. Rf3 d6 18. Bc2 Be7 19. Qd2 O-O 20. Rd1 Kg7 21. Qf2
dxe5 22. fxe5 Bh4 23. g3 Be7 24. Bd3 Bxd3 25. Rdxd3 Rc7 26. Rd1 f5 27. exf6+
Rxf6 28. Rxf6 Bxf6 29. Ne4 Rc1 30. Rxc1 Bxd4 31. Rc7+ Kh8 32. Rxa7 Bxf2+ 33.
Nxf2 Qd4 34. b4 e5 35. Kf1 e4 36. Ke2 h5 37. Re7 Qc4+ 38. Kd2 Qa2+ 39. Ke1 Qb1+
40. Ke2 Qc2+ 41. Kf1 Qc1+ 42. Ke2 Qc4+ 43. Kd2 Qa2+ 44. Ke1 Qxa3 45. Rxe4 Qc1+
46. Ke2 Qg1 47. Kf3 g5 48. h3 Qc1 49. h4 g4+ 50. Kg2 Qc6 51. Kh2 Kg7 1/2-1/2

[Event "European Team-ch 2007"]
[Site "Crete GRE"]
[Date "2007.10.30"]
[Round "3.16"]
[White "D'amore, Carlo"]
[Black "Dutreeuw, Marc"]
[Result "1-0"]
[WhiteElo "2477"]
[BlackElo "2391"]
[PlyCount "62"]
[EventDate "2007.10.28"]
[EventType "team"]
[EventRounds "9"]
[EventCountry "GRE"]
[Source "lmi"]
[SourceDate "2007.10.28"]
[WhiteTeam "Italy"]
[BlackTeam "Belgium"]
[WhiteTeamCountry "ITA"]
[BlackTeamCountry "BEL"]

1. g3 d5 2. Bg2 c6 3. d3 Nf6 4. Nd2 e5 5. e4 dxe4 6. dxe4 Bc5 7. Ngf3 Qc7 8.
O-O Bg4 9. c3 a5 10. Qc2 O-O 11. h3 Bh5 12. a4 Nfd7 13. Re1 Rd8 14. Nc4 f6 15.
Nh4 Nf8 16. Nf5 Nbd7 17. Bf1 Kh8 18. Kg2 Ne6 19. h4 Ndf8 20. Be2 Bf7 21. h5 Rd7
22. h6 g6 23. Nfe3 Be7 24. Ng4 Rdd8 25. Rf1 Nd7 26. f4 exf4 27. gxf4 Nec5 28.
Kh3 f5 29. exf5 gxf5 30. Nge5 Nxe5 31. Nxe5 Bd5 1-0

[Event "European Team-ch 2007"]
[Site "Crete GRE"]
[Date "2007.10.30"]
[Round "3.16"]
[White "Laurent, Bruno"]
[Black "Manca, Federico"]
[Result "1-0"]
[WhiteElo "2359"]
[BlackElo "2405"]
[PlyCount "49"]
[EventDate "2007.10.28"]
[EventType "team"]
[EventRounds "9"]
[EventCountry "GRE"]
[Source "lmi"]
[SourceDate "2007.10.28"]
[WhiteTeam "Belgium"]
[BlackTeam "Italy"]
[WhiteTeamCountry "BEL"]
[BlackTeamCountry "ITA"]

1. e4 c5 2. Nf3 Nc6 3. Bb5 e6 4. Bxc6 bxc6 5. d3 Ne7 6. Qe2 Ng6 7. h4 h5 8. e5
d5 9. exd6 Bxd6 10. Na3 e5 11. Nc4 O-O 12. Ng5 Bg4 13. f3 Bf5 14. g4 hxg4 15.
fxg4 Bc8 16. Bd2 Be7 17. O-O-O Qd5 18. h5 Bxg5 19. hxg6 Bxd2+ 20. Qxd2 fxg6 21.
Qh2 Bxg4 22. Ne3 Qe6 23. Nxg4 Qxg4 24. Qh8+ Kf7 25. Rdf1+ 1-0

[Event "European Team-ch 2007"]
[Site "Crete GRE"]
[Date "2007.10.30"]
[Round "3.17"]
[White "Miton, Kamil"]
[Black "Muir, Andrew J"]
[Result "1-0"]
[WhiteElo "2628"]
[BlackElo "2367"]
[PlyCount "43"]
[EventDate "2007.10.28"]
[EventType "team"]
[EventRounds "9"]
[EventCountry "GRE"]
[Source "lmi"]
[SourceDate "2007.10.28"]
[WhiteTeam "Poland"]
[BlackTeam "Scotland"]
[WhiteTeamCountry "POL"]
[BlackTeamCountry "SCO"]

1. d4 d5 2. c4 e6 3. Nc3 c6 4. e3 Nf6 5. Nf3 Nbd7 6. Qc2 Bd6 7. b3 O-O 8. Be2
Qe7 9. O-O Re8 10. Bb2 dxc4 11. Bxc4 b5 12. Bd3 Bb7 13. e4 e5 14. Ne2 g6 15.
Ng3 exd4 16. Nxd4 Bc5 17. Nf3 Ng4 18. e5 Ba3 19. e6 Bxb2 20. exd7 Qxd7 21. Qxb2
Qxd3 22. Rfd1 1-0

[Event "European Team-ch 2007"]
[Site "Crete GRE"]
[Date "2007.10.30"]
[Round "3.17"]
[White "Ruxton, Keith"]
[Black "Gajewski, Grzegorz"]
[Result "0-1"]
[WhiteElo "2314"]
[BlackElo "2573"]
[PlyCount "84"]
[EventDate "2007.10.28"]
[EventType "team"]
[EventRounds "9"]
[EventCountry "GRE"]
[Source "lmi"]
[SourceDate "2007.10.28"]
[WhiteTeam "Scotland"]
[BlackTeam "Poland"]
[WhiteTeamCountry "SCO"]
[BlackTeamCountry "POL"]

1. Nf3 Nf6 2. c4 e6 3. Nc3 Bb4 4. Qc2 O-O 5. a3 Bxc3 6. Qxc3 d6 7. e3 b6 8. Be2
Bb7 9. O-O Nbd7 10. b4 e5 11. Bb2 Ne4 12. Qc2 f5 13. d4 Ng5 14. d5 Nxf3+ 15.
Bxf3 Qg5 16. c5 bxc5 17. bxc5 Ba6 18. Rfc1 e4 19. Be2 Bxe2 20. Qxe2 Nxc5 21.
Bd4 Nb3 22. Rxc7 Nxd4 23. exd4 Rae8 24. Rb1 f4 25. h4 Qf6 26. Rbb7 e3 27. h5
Kh8 28. Rxg7 Qxg7 29. Rxg7 Kxg7 30. Kh2 Kh6 31. Kh3 Rf5 32. g4 f3 33. Qa6 Rf6
34. Qxa7 exf2 35. Kh4 Re4 36. Qa6 Kg7 37. Qb7+ Kg8 38. Kg5 Rf7 39. Qb8+ Rf8 40.
Qb5 h6+ 41. Kh4 Re1 42. Qd3 Rf6 0-1

[Event "European Team-ch 2007"]
[Site "Crete GRE"]
[Date "2007.10.30"]
[Round "3.17"]
[White "Morrison, Graham"]
[Black "Bartel, Mateusz"]
[Result "1/2-1/2"]
[WhiteElo "2322"]
[BlackElo "2608"]
[PlyCount "106"]
[EventDate "2007.10.28"]
[EventType "team"]
[EventRounds "9"]
[EventCountry "GRE"]
[Source "lmi"]
[SourceDate "2007.10.28"]
[WhiteTeam "Scotland"]
[BlackTeam "Poland"]
[WhiteTeamCountry "SCO"]
[BlackTeamCountry "POL"]

1. d4 f5 2. g3 Nf6 3. Bg2 g6 4. Nf3 Bg7 5. O-O O-O 6. c4 d6 7. Nc3 Na6 8. b3 c5
9. Bb2 cxd4 10. Nxd4 Nc5 11. Qc2 e5 12. Ndb5 a6 13. Na3 Bd7 14. Rad1 Bc6 15.
Qd2 Bxg2 16. Kxg2 Ne8 17. Nc2 Rf7 18. Nb4 Rb8 19. Nbd5 b5 20. b4 Ne6 21. cxb5
axb5 22. f3 h5 23. e3 g5 24. g4 hxg4 25. fxg4 f4 26. Qd3 Qd7 27. Qg6 Rc8 28.
Kg1 f3 29. h3 Rc6 30. Ne4 Nf8 31. Qxg5 Rc2 32. Rf2 Qc6 33. Nec3 Rxf2 34. Kxf2
Nf6 35. Rd2 N8d7 36. Qg6 Qc4 37. Nxf6+ Nxf6 38. Rxd6 Qxb4 39. Rd8+ Rf8 40.
Rxf8+ Kxf8 41. Qc2 e4 42. Qb3 Qxb3 43. axb3 b4 44. Na4 Nd5 45. Bxg7+ Kxg7 46.
Nc5 Nc3 47. Nxe4 Nxe4+ 48. Kxf3 Nc5 49. Ke2 Kf6 50. h4 Ke5 51. h5 Ne4 52. h6
Ng5 53. Kd3 Kd5 1/2-1/2

[Event "European Team-ch 2007"]
[Site "Crete GRE"]
[Date "2007.10.30"]
[Round "3.18"]
[White "Pelletier, Yannick"]
[Black "Jones, Richard S"]
[Result "1-0"]
[WhiteElo "2609"]
[BlackElo "2327"]
[PlyCount "75"]
[EventDate "2007.10.28"]
[EventType "team"]
[EventRounds "9"]
[EventCountry "GRE"]
[Source "lmi"]
[SourceDate "2007.10.28"]
[WhiteTeam "Switzerland"]
[BlackTeam "Wales"]
[WhiteTeamCountry "SUI"]
[BlackTeamCountry "WLS"]

1. d4 Nf6 2. c4 g6 3. Nc3 Bg7 4. e4 d6 5. Nf3 O-O 6. Be2 e5 7. O-O Nc6 8. d5
Ne7 9. Nd2 a5 10. a3 Nd7 11. Rb1 f5 12. b4 Kh8 13. Qc2 Nf6 14. f3 f4 15. c5
axb4 16. axb4 c6 17. cxd6 Qxd6 18. Nc4 Qd8 19. d6 Neg8 20. Rd1 Nd7 21. Bd2 Rf6
22. Be1 g5 23. Bf2 Rg6 24. Na4 h5 25. Nab6 Rb8 26. Qc3 Qf6 27. b5 Qe6 28. Rb2
Ngf6 29. Nxd7 Nxd7 30. bxc6 bxc6 31. Rxb8 Nxb8 32. Qa5 Qe8 33. Qc7 Be6 34. Ra1
Nd7 35. Qxc6 Kh7 36. Nb6 Bf6 37. Ra7 Rg7 38. Bb5 1-0

[Event "European Team-ch 2007"]
[Site "Crete GRE"]
[Date "2007.10.30"]
[Round "3.18"]
[White "Morris, Charles F"]
[Black "Jenni, Florian"]
[Result "0-1"]
[WhiteElo "2198"]
[BlackElo "2511"]
[PlyCount "58"]
[EventDate "2007.10.28"]
[EventType "team"]
[EventRounds "9"]
[EventCountry "GRE"]
[Source "lmi"]
[SourceDate "2007.10.28"]
[WhiteTeam "Wales"]
[BlackTeam "Switzerland"]
[WhiteTeamCountry "WLS"]
[BlackTeamCountry "SUI"]

1. Nf3 Nf6 2. c4 g6 3. g3 Bg7 4. Bg2 d6 5. d4 O-O 6. Nc3 a6 7. O-O Nc6 8. d5
Na5 9. Nd2 c5 10. Qc2 Rb8 11. b3 b5 12. Bb2 Bh6 13. Ncb1 Bd7 14. Bc3 e5 15. h3
Bg7 16. Kh2 Nh5 17. Bf3 f5 18. Bxh5 gxh5 19. e3 h4 20. f4 hxg3+ 21. Kxg3 Rf6
22. Kh2 Rg6 23. Rg1 Rxg1 24. Kxg1 bxc4 25. bxc4 Qh4 26. Bxa5 Qg3+ 27. Kf1 exf4
28. Nc3 fxe3 29. Nb3 f4 0-1

[Event "European Team-ch 2007"]
[Site "Crete GRE"]
[Date "2007.10.30"]
[Round "3.18"]
[White "Gallagher, Joseph G"]
[Black "Spice, Alan"]
[Result "1-0"]
[WhiteElo "2497"]
[BlackElo "2170"]
[PlyCount "51"]
[EventDate "2007.10.28"]
[EventType "team"]
[EventRounds "9"]
[EventCountry "GRE"]
[Source "lmi"]
[SourceDate "2007.10.28"]
[WhiteTeam "Switzerland"]
[BlackTeam "Wales"]
[WhiteTeamCountry "SUI"]
[BlackTeamCountry "WLS"]

1. e4 e6 2. d4 d5 3. Nd2 Nc6 4. Ngf3 Nf6 5. e5 Nd7 6. Nb3 a5 7. a4 b6 8. h4 h6
9. h5 Ncb8 10. Bf4 Ba6 11. Rh3 c5 12. c3 Qc8 13. Rg3 Nc6 14. Rc1 Bxf1 15. Kxf1
Qa6+ 16. Kg1 c4 17. Nbd2 b5 18. b3 cxb3 19. Qxb3 bxa4 20. Qxa4 Rc8 21. Rb1 Nb6
22. Qa2 a4 23. Ne1 Na5 24. Nd3 Rxc3 25. Nc5 Bxc5 26. dxc5 1-0

[Event "European Team-ch 2007"]
[Site "Crete GRE"]
[Date "2007.10.30"]
[Round "3.18"]
[White "Trevelyan, John"]
[Black "Ekstroem, Roland"]
[Result "0-1"]
[WhiteElo "2191"]
[BlackElo "2478"]
[PlyCount "58"]
[EventDate "2007.10.28"]
[EventType "team"]
[EventRounds "9"]
[EventCountry "GRE"]
[Source "lmi"]
[SourceDate "2007.10.28"]
[WhiteTeam "Wales"]
[BlackTeam "Switzerland"]
[WhiteTeamCountry "WLS"]
[BlackTeamCountry "SUI"]

1. d4 Nf6 2. c4 c5 3. e3 cxd4 4. exd4 d5 5. Nc3 Nc6 6. Nf3 Bg4 7. Be3 e6 8. Be2
dxc4 9. Bxc4 Be7 10. O-O O-O 11. a3 Rc8 12. Ba2 Qd6 13. h3 Bh5 14. d5 Nxd5 15.
Nxd5 exd5 16. Qxd5 Qxd5 17. Bxd5 Bf6 18. g4 Bg6 19. Bxc6 Rxc6 20. Bd4 Be4 21.
Bxf6 Rxf6 22. Nd2 Bc6 23. Rfe1 h5 24. Nc4 hxg4 25. hxg4 Rh6 26. f4 Rd8 27. Kf2
Rh2+ 28. Ke3 Rh3+ 29. Kf2 b5 0-1

[Event "European Team-ch 2007"]
[Site "Crete GRE"]
[Date "2007.10.30"]
[Round "3.19"]
[White "Berend, Fred"]
[Black "Kulaots, Kaido"]
[Result "0-1"]
[WhiteElo "2344"]
[BlackElo "2547"]
[PlyCount "94"]
[EventDate "2007.10.28"]
[EventType "team"]
[EventRounds "9"]
[EventCountry "GRE"]
[Source "lmi"]
[SourceDate "2007.10.28"]
[WhiteTeam "Luxembourg"]
[BlackTeam "Estonia"]
[WhiteTeamCountry "LUX"]
[BlackTeamCountry "EST"]

1. e4 c5 2. Nc3 d6 3. Nge2 g6 4. g3 Bg7 5. d4 cxd4 6. Nxd4 Nc6 7. Nde2 b6 8.
Bg2 Ba6 9. a4 Nf6 10. O-O O-O 11. Re1 Rc8 12. h3 Re8 13. Be3 Na5 14. Ra2 Qc7
15. Bg5 h6 16. Bd2 Nc6 17. Nb5 Qb8 18. b3 Bb7 19. c4 a6 20. Nbd4 Ne5 21. Nc3
Nd3 22. Re3 Nc5 23. Bc1 e6 24. Rd2 Qa8 25. Qc2 h5 26. Rd1 Bh6 27. f4 e5 28.
Nde2 exf4 29. Nxf4 Ncxe4 30. Red3 Nxc3 31. Qxc3 Bg7 32. Qd2 Bxg2 33. Qxg2 Qxg2+
34. Kxg2 Ne4 35. Nd5 Nc5 36. Rf3 Re2+ 37. Kf1 Rce8 38. Be3 Rb2 39. Bxc5 dxc5
40. Nxb6 Ree2 41. Rd8+ Kh7 42. Rxf7 Rh2 43. Kg1 Kh6 44. Rf4 Bd4+ 45. Rdxd4 cxd4
46. Rxd4 Rhc2 47. Rd1 Rxb3 0-1

[Event "European Team-ch 2007"]
[Site "Crete GRE"]
[Date "2007.10.30"]
[Round "3.19"]
[White "Sepp, Olav"]
[Black "Bakalarz, Mietek"]
[Result "1-0"]
[WhiteElo "2457"]
[BlackElo "2342"]
[PlyCount "93"]
[EventDate "2007.10.28"]
[EventType "team"]
[EventRounds "9"]
[EventCountry "GRE"]
[Source "lmi"]
[SourceDate "2007.10.28"]
[WhiteTeam "Estonia"]
[BlackTeam "Luxembourg"]
[WhiteTeamCountry "EST"]
[BlackTeamCountry "LUX"]

1. e4 e5 2. Nf3 Nf6 3. Nc3 Nc6 4. d4 exd4 5. Nxd4 Bb4 6. Nxc6 bxc6 7. Bd3 d5 8.
exd5 Qe7+ 9. Qe2 Qxe2+ 10. Kxe2 Nxd5 11. Nxd5 cxd5 12. Bb5+ Bd7 13. Bxd7+ Kxd7
14. Be3 a5 15. Rhd1 Ke6 16. c4 dxc4 17. Rac1 c3 18. bxc3 Ba3 19. Rb1 Rhb8 20.
Kd3 a4 21. Kc2 Bd6 22. c4 g5 23. h3 h5 24. Rxb8 Rxb8 25. Rd5 Be5 26. Kd3 g4 27.
hxg4 hxg4 28. Ra5 Rd8+ 29. Ke2 Rb8 30. Rxa4 Rb2+ 31. Kd3 g3 32. f4 Bd6 33. c5
Bf8 34. Ra8 Be7 35. Ke4 f5+ 36. Kf3 Rc2 37. Ra6+ Kd5 38. Kxg3 Rc3 39. Kf2 Bxc5
40. Ra5 Rxe3 41. Rxc5+ Kxc5 42. Kxe3 Kc4 43. g4 fxg4 44. f5 Kd5 45. a4 c5 46.
a5 c4 47. a6 1-0

[Event "European Team-ch 2007"]
[Site "Crete GRE"]
[Date "2007.10.30"]
[Round "3.19"]
[White "Brittner, Serge"]
[Black "Lauk, Ular"]
[Result "1/2-1/2"]
[WhiteElo "2274"]
[BlackElo "2414"]
[PlyCount "81"]
[EventDate "2007.10.28"]
[EventType "team"]
[EventRounds "9"]
[EventCountry "GRE"]
[Source "lmi"]
[SourceDate "2007.10.28"]
[WhiteTeam "Luxembourg"]
[BlackTeam "Estonia"]
[WhiteTeamCountry "LUX"]
[BlackTeamCountry "EST"]

1. d4 d6 2. Nf3 Nf6 3. c4 Nbd7 4. Nc3 e5 5. e4 g6 6. Be2 Bg7 7. O-O O-O 8. Re1
c6 9. Bf1 a5 10. Rb1 Re8 11. d5 Nc5 12. b3 cxd5 13. cxd5 Bd7 14. Nd2 Rf8 15.
Bb5 Bg4 16. f3 Bc8 17. Nc4 Nh5 18. Be3 Nf4 19. Qd2 Qc7 20. Na4 Nxa4 21. bxa4 f5
22. Nb6 Rb8 23. Qxa5 fxe4 24. fxe4 Qc2 25. Qd2 Qxe4 26. Rb4 Qf5 27. Bxf4 exf4
28. Bd3 Qf6 29. Rf1 g5 30. Nxc8 Rfxc8 31. Qe2 Re8 32. Qh5 Qh6 33. Qxh6 Bxh6 34.
Rfb1 Re7 35. a5 Ra8 36. Rxb7 Rxb7 37. Rxb7 Rxa5 38. Bxh7+ Kf8 39. Be4 Rxa2 40.
h3 Bg7 41. Kf1 1/2-1/2

[Event "European Team-ch 2007"]
[Site "Crete GRE"]
[Date "2007.10.30"]
[Round "3.19"]
[White "Liiva, Riho"]
[Black "Gengler, Pierre"]
[Result "1-0"]
[WhiteElo "2442"]
[BlackElo "2195"]
[PlyCount "113"]
[EventDate "2007.10.28"]
[EventType "team"]
[EventRounds "9"]
[EventCountry "GRE"]
[Source "lmi"]
[SourceDate "2007.10.28"]
[WhiteTeam "Estonia"]
[BlackTeam "Luxembourg"]
[WhiteTeamCountry "EST"]
[BlackTeamCountry "LUX"]

1. e4 c5 2. Nc3 Nc6 3. Bb5 e6 4. Bxc6 bxc6 5. d3 d6 6. f4 Ne7 7. Nf3 Ng6 8. h4
Be7 9. g3 O-O 10. Bd2 Rb8 11. b3 f5 12. Qe2 Nh8 13. O-O-O Nf7 14. Rde1 Rb7 15.
Ng5 h6 16. exf5 exf5 17. Ne6 Bxe6 18. Qxe6 Qd7 19. h5 Qxe6 20. Rxe6 Nd8 21. Re2
d5 22. Na4 c4 23. dxc4 Ba3+ 24. Kb1 dxc4 25. Rhe1 Nf7 26. Bc1 Bb4 27. c3 Bd6
28. Kc2 cxb3+ 29. axb3 Rfb8 30. b4 Bf8 31. Be3 Re7 32. Bd4 Rxe2+ 33. Rxe2 Ra8
34. Bc5 Nd6 35. Bxd6 Bxd6 36. Re6 Rd8 37. Nb2 Kf7 38. Rg6 c5 39. Nc4 Bf8 40. b5
Kg8 41. Ne5 c4 42. Rc6 Rb8 43. Ng6 Ba3 44. Rxc4 Rxb5 45. Rc8+ Kf7 46. Rc7+ Kf6
47. Rc6+ Kf7 48. Ne5+ Ke7 49. Rc7+ Ke8 50. Rxa7 Rb2+ 51. Kd3 Bc5 52. Rxg7 Bf2
53. Nc4 Ra2 54. Nd6+ Kf8 55. Rg6 Be1 56. Nxf5 Ra5 57. g4 1-0

[Event "European Team-ch 2007"]
[Site "Crete GRE"]
[Date "2007.10.31"]
[Round "4.1"]
[White "Morozevich, Alexander"]
[Black "Beliavsky, Alexander G"]
[Result "1-0"]
[WhiteElo "2755"]
[BlackElo "2646"]
[PlyCount "70"]
[EventDate "2007.10.28"]
[EventType "team"]
[EventRounds "9"]
[EventCountry "GRE"]
[Source "lmi"]
[SourceDate "2007.10.28"]
[WhiteTeam "Russia"]
[BlackTeam "Slovenija"]
[WhiteTeamCountry "RUS"]
[BlackTeamCountry "SLO"]

1. d4 Nf6 2. c4 e6 3. Nc3 Bb4 4. Qc2 O-O 5. a3 Bxc3+ 6. Qxc3 b6 7. Bg5 Bb7 8.
e3 d6 9. Ne2 Nbd7 10. Qc2 c5 11. Rd1 Qc7 12. Nc3 cxd4 13. Rxd4 a6 14. Be2 h6
15. Bh4 Bxg2 16. Rg1 Bh3 17. Ne4 Nxe4 18. Qxe4 Bf5 19. Qg2 Bg6 20. Be7 d5 21.
Bxf8 Nxf8 22. h4 Qe5 23. Qg3 Qf6 24. h5 Bf5 25. Qc7 b5 26. Qc6 Rd8 27. cxd5 Kh7
28. Qxa6 Qe5 29. d6 Qh2 30. Rf1 e5 31. Rb4 Rc8 32. Qxb5 Rc1+ 33. Kd2 Rc2+ 34.
Kd1 Nd7 35. Bd3 Nf8 1-0

[Event "European Team-ch 2007"]
[Site "Crete GRE"]
[Date "2007.10.31"]
[Round "4.1"]
[White "Alekseev, Evgeny"]
[Black "Tratar, Marko"]
[Result "1/2-1/2"]
[WhiteElo "2716"]
[BlackElo "2502"]
[PlyCount "79"]
[EventDate "2007.10.28"]
[EventType "team"]
[EventRounds "9"]
[EventCountry "GRE"]
[Source "lmi"]
[SourceDate "2007.10.28"]
[WhiteTeam "Russia"]
[BlackTeam "Slovenija"]
[WhiteTeamCountry "RUS"]
[BlackTeamCountry "SLO"]

1. e4 e6 2. d4 d5 3. Nc3 dxe4 4. Nxe4 Nd7 5. Nf3 Ngf6 6. Bd3 c5 7. O-O cxd4 8.
Nxd4 Be7 9. Re1 O-O 10. c3 a6 11. Ng5 Nc5 12. Bc2 h6 13. Ngf3 Qc7 14. Ne5 Bd6
15. Qe2 b5 16. h3 Bb7 17. Ng4 Nxg4 18. hxg4 Bh2+ 19. Kh1 Bf4 20. Bxf4 Qxf4 21.
f3 Rfe8 22. Qe3 Qxe3 23. Rxe3 Rac8 24. a4 bxa4 25. Bxa4 Nxa4 26. Rxa4 Red8 27.
Re5 Rd6 28. Ra3 Bd5 29. Nc2 Rb8 30. b4 Rc8 31. Ne3 f6 32. Nxd5 exd5 33. Re7 Kh7
34. Rb7 Rdc6 35. Rd7 R8c7 36. Rxd5 Rxc3 37. Rxa6 Rb3 38. b5 Rb2 39. Rc6 Rxb5
40. Rxb5 1/2-1/2

[Event "European Team-ch 2007"]
[Site "Crete GRE"]
[Date "2007.10.31"]
[Round "4.1"]
[White "Lenic, Luka"]
[Black "Jakovenko, Dmitry"]
[Result "0-1"]
[WhiteElo "2531"]
[BlackElo "2710"]
[PlyCount "54"]
[EventDate "2007.10.28"]
[EventType "team"]
[EventRounds "9"]
[EventCountry "GRE"]
[Source "lmi"]
[SourceDate "2007.10.28"]
[WhiteTeam "Slovenija"]
[BlackTeam "Russia"]
[WhiteTeamCountry "SLO"]
[BlackTeamCountry "RUS"]

1. d4 Nf6 2. c4 e6 3. Nf3 c5 4. Nc3 cxd4 5. Nxd4 Bb4 6. Ndb5 d5 7. Bf4 O-O 8.
cxd5 exd5 9. a3 Bxc3+ 10. bxc3 Nc6 11. e3 a6 12. Nd6 Qa5 13. Qb3 Nh5 14. Bg3
Rd8 15. Nxc8 Raxc8 16. Bh4 Re8 17. Rd1 d4 18. Be2 Nf4 19. exf4 dxc3 20. Qc2
Qxa3 21. O-O Nb4 22. Qf5 c2 23. Rc1 Qc3 24. Bh5 g6 25. Qg4 Nd3 26. Rxc2 Qxc2
27. Bf6 Re1 0-1

[Event "European Team-ch 2007"]
[Site "Crete GRE"]
[Date "2007.10.31"]
[Round "4.2"]
[White "Tiviakov, Sergei"]
[Black "Radjabov, Teimour"]
[Result "1/2-1/2"]
[WhiteElo "2643"]
[BlackElo "2742"]
[PlyCount "27"]
[EventDate "2007.10.28"]
[EventType "team"]
[EventRounds "9"]
[EventCountry "GRE"]
[Source "lmi"]
[SourceDate "2007.10.28"]
[WhiteTeam "Netherlands"]
[BlackTeam "Azerbaijan"]
[WhiteTeamCountry "NED"]
[BlackTeamCountry "AZE"]

1. e4 c5 2. c3 e6 3. Nf3 d5 4. exd5 exd5 5. d4 a6 6. Be3 c4 7. Ne5 Bd6 8. b3
cxb3 9. axb3 Ne7 10. Bd3 Bf5 11. Bxf5 Nxf5 12. Qf3 Bxe5 13. Qxf5 Bc7 14. Nd2
1/2-1/2